Книга для чтения на английском языке; Вып. 14; For whom the bell tolls

Dades bibliogràfiques
Altres autors: Минаев В. А. (составитель)
Idioma:anglès
Publicat: Москва, Воениздат, 1973
TOC:E. Hemingway, For whom the bell tolls;
Matèries:
Format: Llibre
KOHA link:https://koha.lib.tpu.ru/cgi-bin/koha/opac-detail.pl?biblionumber=49516

MARC

LEADER 00000nam1a2200000 4500
001 49516
005 20231101211214.0
035 |a (RuTPU)RU\TPU\book\51837 
035 |a RU\TPU\tpu\9725 
090 |a 49516 
100 |a 20030401d1973 m y0rusy50 ca 
101 1 |a eng  |c rus 
102 |a RU 
200 1 |a Книга для чтения на английском языке  |h Вып. 14  |f сост. В. А. Минаев 
210 |a Москва  |c Воениздат  |d 1973 
215 |a 229 с. 
464 |t For whom the bell tolls  |f E. Hemingway 
541 1 |a По ком звонит колокол  |z rus 
600 1 |a Хемингуэй  |b Э. М.  |c американский писатель  |c лауреат Нобелевской премии  |f 1899-1961  |g Эрнест Миллер  |2 stltpush  |3 (RuTPU)RU\TPU\pers\18600  |9 6900 
606 1 |a Английский язык  |2 stltpush  |3 (RuTPU)RU\TPU\subj\29049  |9 52461 
606 1 |a Американская литература  |2 stltpush  |3 (RuTPU)RU\TPU\subj\72261  |9 85825 
610 1 |a книги для чтения 
675 |a 82  |v 3 
686 |a Ш143.21  |2 rubbk 
702 1 |a Минаев  |b В. А.  |4 220 
801 1 |a RU  |b 63413507  |c 20020920  |g PSBO 
801 2 |a RU  |b 63413507  |c 20201001  |g PSBO 
942 |c BK